000 00435ntaaa2200169 4500
003 01
005 20251027203134.0
008 0714s1973 ag 01
040 _aAR-BaBN
_bspa
_cAR-BaBN
_eaacr
_dRIC
082 _a786.8000 H41
100 _aHerbeck, Raymond H.
_932855
245 _aOrgan accompaniments for congregational singing
250 _a1 ed.
260 _aNashville :
_bBroadman Press,
_cc1965
300 _a44 p.
942 _cBK
999 _c26787
_d26787